000 00990nam a2200325 a 4500
008
020 _a1557863083 (pbk.)
049 _aMAIN
090 _aHB34
_bCAP
245 0 0 _aCapital, investment, and development :
_bessays in memory of Sukhamoy Chakravarty /
_cedited by Kaushik Basu, Mukul Majumdar, Tapan Mitra.
260 _aOxford, UK ; :
_bB. Blackwell,
_c1993.
300 _axx, 268 p. :
_bill. ;
_c24 cm.
504 _aIncludes bibliographical references.
500 _aIncludes Index.
650 0 _aEconomics.
650 0 _aCapital.
650 0 _aEconomic development.
650 0 _aCapitalism.
650 0 _aSocialism.
600 1 0 _aChakravarty, Sukhamoy.
700 1 _aChakravarty, Sukhamoy.
700 1 _aBasu, Kaushik.
700 1 _aMajumdar, Mukul.
700 1 _aMitra, Tapan.
907 _a.b10078472
_b20-04-12
_c20-06-03
003
005 20230123133303.0
040 _cNUST
942 _cBOOKS
_kHB34
_mCAP
999 _c145997
_d145997